Central Library OPAC University of Rajshahi

Logic without metaphysics : (Record no. 31813)

MARC details
000 -LEADER
fixed length control field 00658nam a2200229 a 4500
001 - CONTROL NUMBER
control field 31813
003 - CONTROL NUMBER IDENTIFIER
rucl marc code BD-RjUL
005 - DATE AND TIME OF LATEST TRANSACTION
control field 20211209051743.0
008 - FIXED-LENGTH DATA ELEMENTS--GENERAL INFORMATION
fixed length control field 140422t1956 us 001 0 eng d
035 ## - SYSTEM CONTROL NUMBER
System control number (BD-RjUL)31901
System control number (OCoLC)37622757
040 ## - CATALOGING SOURCE
Original cataloging agency DLC
Language of cataloging eng
Transcribing agency DLC
Modifying agency NAL 1956
041 ## - LANGUAGE CODE
Language code of text/sound track or separate title eng
082 04 - DEWEY DECIMAL CLASSIFICATION NUMBER
Classification number 500
Author mark and year NAL 1956
100 1# - MAIN ENTRY--PERSONAL NAME
Personal name Nagel, Ernest,
Dates associated with a name 1901-1985.
9 (RLIN) 5691
245 10 - TITLE STATEMENT
Title Logic without metaphysics :
Remainder of title and other essays in the philosophy of science /
Statement of responsibility, etc. by Ernest Nagel
260 ## - PUBLICATION, DISTRIBUTION, ETC. (IMPRINT)
Place of publication, distribution, etc. Glencoe :
Name of publisher, distributor, etc. Free Press,
Date of publication, distribution, etc. c1956.
300 ## - PHYSICAL DESCRIPTION
Pagination xviii, 433 p. ;
Size 21 cm
504 ## - BIBLIOGRAPHY, ETC. NOTE
Bibliography, etc includes index.
650 #0 - SUBJECT ADDED ENTRY--TOPICAL TERM
Topical term or geographic name as entry element Logic
9 (RLIN) 96844
942 ## - ADDED ENTRY ELEMENTS (KOHA)
Source of classification or shelving scheme Dewey Decimal Classification
Koha item type Books
Holdings
Lost status Source of classification or shelving scheme Damaged status Not for loan Collection code Permanent Location Current Location Shelving location Date acquired Source of acquisition Cost, normal purchase price Total Checkouts Full call number Date last seen Copy number Koha item type
  Dewey Decimal Classification     Non-fiction Central Library, University of Rajshahi Central Library, University of Rajshahi Reading Room 11/03/1963 zeithinger 45.00   160 NAL 1956 22/04/2014 C-1 Books